Dibujo de aves: para aprender a dibujar bocetos e ilustrar las aves (Record no. 9263)

MARC details
000 -LEADER
campo de control de longitud fija 00411nam a2200133Ia 4500
008 - DATOS DE LONGITUD FIJA--INFORMACIÓN GENERAL
campo de control de longitud fija 231129s2016||||xx |||||||||||||| ||spa||
020 ## - NÚMERO INTERNACIONAL ESTÁNDAR DEL LIBRO
Número Internacional Estándar del Libro 978-958-59401-7-7
082 ## - NÚMERO DE LA CLASIFICACIÓN DECIMAL DEWEY
Número de clasificación 743.6 V293d
100 ## - ENTRADA PRINCIPAL--NOMBRE DE PERSONA
Nombre de persona Varela Simó Juan
245 #0 - MENCIÓN DEL TÍTULO
Título Dibujo de aves: para aprender a dibujar bocetos e ilustrar las aves
260 ## - PUBLICACIÓN, DISTRIBUCIÓN, ETC.
Fecha de publicación, distribución, etc. 2016
264 ## - PRODUCCIÓN, PUBLICACIÓN, DISTRIBUCIÓN, FABRICACIÓN Y COPYRIGHT
Producción, publicación, distribución, fabricación y copyright Bogotá: Cí­rculo Cultural
942 ## - ELEMENTOS DE ENTRADA SECUNDARIOS (KOHA)
Fuente del sistema de clasificación o colocación Clasificación Decimal Dewey
Tipo de ítem Koha

No items available.

Powered by Koha